000 00723nam a22002177a 4500
003 UA-OsUOA
001 82967
007 ta
008 20120327b un ||||| |||| 00| 0 ukr d
100 _aПентилюк М.
090 _a81
_bП25
942 _cSA
040 _aUA-OsUOA
_bukr
_cUA-OsUOA
_dUA-OsUOA
245 _aКультура діалогу як основа формування мовної особистості
300 _aС.2-5
955 _a0
041 _aukr
080 _a81
773 0 _w82966
_tУкраїнська мова і література в школі
_dК.
_d2012
_g1
650 7 _a8 Мовознавство. Художня література. Літературознавство
_2UDC
999 _c369301
_d369301